<?xml version="1.0" encoding="UTF-8"?>
<record
    xmlns:xsi="http://www.w3.org/2001/XMLSchema-instance"
    xsi:schemaLocation="http://www.loc.gov/MARC21/slim http://www.loc.gov/standards/marcxml/schema/MARC21slim.xsd"
    xmlns="http://www.loc.gov/MARC21/slim">

  <leader>02622nam0a22006491  4500</leader>
  <controlfield tag="001">RU\NLR\A1SV\37432</controlfield>
  <controlfield tag="005">20260406093230.0</controlfield>
  <datafield tag="035" ind1=" " ind2=" ">
    <subfield code="a">(NLR Aleph) 009719845</subfield>
  </datafield>
  <datafield tag="090" ind1=" " ind2=" ">
    <subfield code="a">9868998</subfield>
    <subfield code="c">9868998</subfield>
  </datafield>
  <datafield tag="100" ind1=" " ind2=" ">
    <subfield code="a">20010214d1923    u  y0rusy50      ca</subfield>
  </datafield>
  <datafield tag="101" ind1="0" ind2=" ">
    <subfield code="a">rus</subfield>
  </datafield>
  <datafield tag="102" ind1=" " ind2=" ">
    <subfield code="a">RU</subfield>
  </datafield>
  <datafield tag="200" ind1="1" ind2=" ">
    <subfield code="a">&#x420;&#x432;&#x430;&#x43D;&#x44B;&#x439; &#x43F;&#x43B;&#x430;&#x449;</subfield>
    <subfield code="d">Il mantelaccio</subfield>
    <subfield code="e">&#x41F;&#x43E;&#x44D;&#x43C;&#x430; &#x432; 4 &#x434;.</subfield>
    <subfield code="a">&#x423;&#x436;&#x438;&#x43D; &#x448;&#x443;&#x442;&#x43E;&#x43A;</subfield>
    <subfield code="d">La cena delle beffe</subfield>
    <subfield code="e">&#x414;&#x440;&#x430;&#x43C;. &#x43F;&#x43E;&#x44D;&#x43C;&#x430; &#x432; 4 &#x430;&#x43A;&#x442;&#x430;&#x445;</subfield>
    <subfield code="f">&#x421;&#x435;&#x43C; &#x411;&#x435;&#x43D;&#x435;&#x43B;&#x43B;&#x438;</subfield>
    <subfield code="g">&#x41F;&#x435;&#x440;. &#x410;.&#x412;.&#x410;&#x43C;&#x444;&#x438;&#x442;&#x435;&#x430;&#x442;&#x440;&#x43E;&#x432;&#x430;, &#x418;.&#x413;&#x440;&#x438;&#x43D;&#x435;&#x432;&#x441;&#x43A;&#x43E;&#x439; &#x438; &#x412;.&#x41D;&#x430;&#x440;&#x434;&#x443;&#x447;&#x447;&#x438;, &#x432;&#x441;&#x442;&#x443;&#x43F;. &#x441;&#x442;. &#x412;.&#x410;.&#x410;&#x43C;&#x444;&#x438;&#x442;&#x435;&#x430;&#x442;&#x440;&#x43E;&#x432;&#x430; &#x438; &#x410;.&#x412;.&#x41B;&#x443;&#x43D;&#x430;&#x447;&#x430;&#x440;&#x441;&#x43A;&#x43E;&#x433;&#x43E;</subfield>
  </datafield>
  <datafield tag="210" ind1=" " ind2=" ">
    <subfield code="a">&#x41F;&#x431;.</subfield>
    <subfield code="a">&#x41C;.</subfield>
    <subfield code="c">&#x413;&#x43E;&#x441;&#x438;&#x437;&#x434;&#x430;&#x442;</subfield>
    <subfield code="d">1923</subfield>
  </datafield>
  <datafield tag="215" ind1=" " ind2=" ">
    <subfield code="a">251, [5] &#x441;.</subfield>
    <subfield code="d">22 &#x441;&#x43C;</subfield>
  </datafield>
  <datafield tag="225" ind1=" " ind2=" ">
    <subfield code="a">&#x412;&#x441;&#x435;&#x43C;&#x438;&#x440;. &#x43B;&#x438;&#x442;.</subfield>
    <subfield code="i">&#x418;&#x442;&#x430;&#x43B;&#x438;&#x44F;</subfield>
    <subfield code="f">&#x41F;&#x43E;&#x434; &#x440;&#x435;&#x434;. &#x410;.&#x41B;.&#x412;&#x43E;&#x43B;&#x44B;&#x43D;&#x441;&#x43A;&#x43E;&#x433;&#x43E;</subfield>
    <subfield code="v">&#x418;&#x437;&#x431;&#x440;. &#x441;&#x43E;&#x447;. &#x421;&#x435;&#x43C; &#x411;&#x435;&#x43D;&#x435;&#x43B;&#x43B;&#x438;, Sem Bennelli, &#x440;&#x43E;&#x434;. 1880</subfield>
  </datafield>
  <datafield tag="300" ind1=" " ind2=" ">
    <subfield code="a">&#x417;&#x430;&#x433;&#x43B;. &#x43E;&#x431;&#x43B;.: &#x414;&#x440;&#x430;&#x43C;&#x430;&#x442;&#x438;&#x447;&#x435;&#x441;&#x43A;&#x438;&#x435; &#x43F;&#x43E;&#x44D;&#x43C;&#x44B;</subfield>
  </datafield>
  <datafield tag="320" ind1=" " ind2=" ">
    <subfield code="a">&#x411;&#x438;&#x431;&#x43B;&#x438;&#x43E;&#x433;&#x440;.: 6 &#x43D;&#x430;&#x437;&#x432;.</subfield>
  </datafield>
  <datafield tag="512" ind1="1" ind2=" ">
    <subfield code="a">&#x414;&#x440;&#x430;&#x43C;&#x430;&#x442;&#x438;&#x447;&#x435;&#x441;&#x43A;&#x438;&#x435; &#x43F;&#x43E;&#x44D;&#x43C;&#x44B;</subfield>
  </datafield>
  <datafield tag="620" ind1=" " ind2=" ">
    <subfield code="d">&#x41C;&#x43E;&#x441;&#x43A;&#x432;&#x430;</subfield>
  </datafield>
  <datafield tag="620" ind1=" " ind2=" ">
    <subfield code="d">&#x421;&#x430;&#x43D;&#x43A;&#x442;-&#x41F;&#x435;&#x442;&#x435;&#x440;&#x431;&#x443;&#x440;&#x433;</subfield>
  </datafield>
  <datafield tag="700" ind1=" " ind2="1">
    <subfield code="4">070</subfield>
    <subfield code="7">ca</subfield>
    <subfield code="8">rus</subfield>
    <subfield code="a">&#x411;&#x435;&#x43D;&#x435;&#x43B;&#x43B;&#x438;</subfield>
    <subfield code="b">&#x421;.</subfield>
    <subfield code="f">1877-1949</subfield>
    <subfield code="g">&#x421;&#x435;&#x43C;</subfield>
    <subfield code="3">RU\NLR\AUTH\770284816</subfield>
    <subfield code="9">2678629</subfield>
  </datafield>
  <datafield tag="702" ind1=" " ind2="1">
    <subfield code="a">&#x410;&#x43C;&#x444;&#x438;&#x442;&#x435;&#x430;&#x442;&#x440;&#x43E;&#x432;</subfield>
    <subfield code="b">&#x410;.&#x412;.</subfield>
    <subfield code="f">1862-1938</subfield>
    <subfield code="g">&#x410;&#x43B;&#x435;&#x43A;&#x441;&#x430;&#x43D;&#x434;&#x440; &#x412;&#x430;&#x43B;&#x435;&#x43D;&#x442;&#x438;&#x43D;&#x43E;&#x432;&#x438;&#x447;</subfield>
    <subfield code="4">070</subfield>
  </datafield>
  <datafield tag="702" ind1=" " ind2="1">
    <subfield code="6">z01790</subfield>
    <subfield code="a">&#x410;&#x43C;&#x444;&#x438;&#x442;&#x435;&#x430;&#x442;&#x440;&#x43E;&#x432;-&#x41A;&#x430;&#x434;&#x430;&#x448;&#x435;&#x432;</subfield>
    <subfield code="b">&#x412;.&#x410;.</subfield>
    <subfield code="f">1888-1942</subfield>
    <subfield code="g">&#x412;&#x43B;&#x430;&#x434;&#x438;&#x43C;&#x438;&#x440; &#x410;&#x43B;&#x435;&#x43A;&#x441;&#x430;&#x43D;&#x434;&#x440;&#x43E;&#x432;&#x438;&#x447;</subfield>
  </datafield>
  <datafield tag="702" ind1=" " ind2="1">
    <subfield code="a">&#x413;&#x440;&#x438;&#x43D;&#x435;&#x432;&#x441;&#x43A;&#x430;&#x44F;</subfield>
    <subfield code="b">&#x418;.&#x410;.</subfield>
    <subfield code="f">1854-1942</subfield>
    <subfield code="g">&#x418;&#x437;&#x430;&#x431;&#x435;&#x43B;&#x43B;&#x430; &#x410;&#x440;&#x43A;&#x430;&#x434;&#x44C;&#x435;&#x432;&#x43D;&#x430;</subfield>
    <subfield code="4">070</subfield>
  </datafield>
  <datafield tag="702" ind1=" " ind2="1">
    <subfield code="a">&#x41D;&#x430;&#x440;&#x434;&#x443;&#x447;&#x447;&#x438;</subfield>
    <subfield code="b">&#x412;.</subfield>
    <subfield code="g">&#x412;&#x438;&#x440;&#x434;&#x436;&#x438;&#x43B;&#x44C;&#x43E;</subfield>
    <subfield code="4">070</subfield>
  </datafield>
  <datafield tag="702" ind1=" " ind2="1">
    <subfield code="6">z02790</subfield>
    <subfield code="a">&#x412;&#x43E;&#x43B;&#x44B;&#x43D;&#x441;&#x43A;&#x438;&#x439;</subfield>
    <subfield code="b">&#x410;.&#x41B;.</subfield>
    <subfield code="f">1863-1926</subfield>
    <subfield code="g">&#x410;&#x43A;&#x438;&#x43C; &#x41B;&#x44C;&#x432;&#x43E;&#x432;&#x438;&#x447;</subfield>
    <subfield code="4">070</subfield>
  </datafield>
  <datafield tag="702" ind1=" " ind2="1">
    <subfield code="a">&#x41B;&#x443;&#x43D;&#x430;&#x447;&#x430;&#x440;&#x441;&#x43A;&#x438;&#x439;</subfield>
    <subfield code="b">&#x410;.&#x412;.</subfield>
    <subfield code="f">1875-1933</subfield>
    <subfield code="g">&#x410;&#x43D;&#x430;&#x442;&#x43E;&#x43B;&#x438;&#x439; &#x412;&#x430;&#x441;&#x438;&#x43B;&#x44C;&#x435;&#x432;&#x438;&#x447;</subfield>
    <subfield code="4">070</subfield>
  </datafield>
  <datafield tag="790" ind1=" " ind2="1">
    <subfield code="6">z01702</subfield>
    <subfield code="a">&#x410;&#x43C;&#x444;&#x438;&#x442;&#x435;&#x430;&#x442;&#x440;&#x43E;&#x432;</subfield>
    <subfield code="b">&#x412;.&#x410;.</subfield>
  </datafield>
  <datafield tag="790" ind1=" " ind2="1">
    <subfield code="6">z02702</subfield>
    <subfield code="a">&#x424;&#x43B;&#x435;&#x43A;&#x441;&#x435;&#x440;</subfield>
    <subfield code="b">&#x425;.&#x41B;.</subfield>
    <subfield code="g">&#x425;&#x430;&#x438;&#x43C; &#x41B;&#x435;&#x439;&#x431;&#x43E;&#x432;&#x438;&#x447;</subfield>
  </datafield>
  <datafield tag="801" ind1=" " ind2="0">
    <subfield code="a">RU</subfield>
    <subfield code="b">NLR</subfield>
    <subfield code="c">20010214</subfield>
  </datafield>
  <datafield tag="852" ind1=" " ind2=" ">
    <subfield code="a">NLR</subfield>
    <subfield code="j">17.127.2.9-2</subfield>
  </datafield>
  <datafield tag="899" ind1=" " ind2=" ">
    <subfield code="a">LGSL</subfield>
  </datafield>
  <datafield tag="899" ind1=" " ind2=" ">
    <subfield code="a">NLG</subfield>
  </datafield>
  <datafield tag="899" ind1=" " ind2=" ">
    <subfield code="a">SLK</subfield>
  </datafield>
  <datafield tag="899" ind1=" " ind2=" ">
    <subfield code="a">&#x410;&#x41A;&#x423;&#x41D;&#x411;</subfield>
  </datafield>
  <datafield tag="899" ind1=" " ind2=" ">
    <subfield code="a">&#x410;&#x441;&#x442;&#x41E;&#x41D;&#x411;</subfield>
  </datafield>
  <datafield tag="899" ind1=" " ind2=" ">
    <subfield code="a">&#x41A;&#x438;&#x440;&#x41E;&#x423;&#x41D;&#x411;</subfield>
  </datafield>
  <datafield tag="899" ind1=" " ind2=" ">
    <subfield code="a">&#x41C;&#x413;&#x423;</subfield>
  </datafield>
  <datafield tag="899" ind1=" " ind2=" ">
    <subfield code="a">&#x41D;&#x411; &#x41F;&#x435;&#x442;&#x440;&#x413;&#x423;</subfield>
  </datafield>
  <datafield tag="899" ind1=" " ind2=" ">
    <subfield code="a">&#x41D;&#x411; &#x420;&#x41A;&#x43E;&#x43C;&#x438;</subfield>
  </datafield>
  <datafield tag="899" ind1=" " ind2=" ">
    <subfield code="a">&#x41D;&#x411;&#x41B; &#x41A;&#x413;&#x423;</subfield>
  </datafield>
  <datafield tag="899" ind1=" " ind2=" ">
    <subfield code="a">&#x41D;&#x411;&#x423;&#x412;</subfield>
  </datafield>
  <datafield tag="899" ind1=" " ind2=" ">
    <subfield code="a">&#x41F;&#x422;&#x411;</subfield>
  </datafield>
  <datafield tag="899" ind1=" " ind2=" ">
    <subfield code="a">&#x420;&#x413;&#x411;</subfield>
  </datafield>
  <datafield tag="899" ind1=" " ind2=" ">
    <subfield code="a">&#x420;&#x413;&#x411;&#x418;</subfield>
  </datafield>
  <datafield tag="899" ind1=" " ind2=" ">
    <subfield code="a">&#x420;&#x413;&#x413;&#x423;</subfield>
  </datafield>
  <datafield tag="899" ind1=" " ind2=" ">
    <subfield code="a">&#x420;&#x41A;&#x41F;</subfield>
  </datafield>
  <datafield tag="899" ind1=" " ind2=" ">
    <subfield code="a">&#x421;&#x41E;&#x423;&#x41D;&#x411;</subfield>
  </datafield>
  <datafield tag="899" ind1=" " ind2=" ">
    <subfield code="a">&#x421;&#x41F;&#x431;&#x413;&#x423;</subfield>
  </datafield>
  <datafield tag="899" ind1=" " ind2=" ">
    <subfield code="a">&#x421;&#x430;&#x43C;&#x41E;&#x423;&#x41D;&#x411;</subfield>
  </datafield>
  <datafield tag="899" ind1=" " ind2=" ">
    <subfield code="a">&#x422;&#x41E;&#x423;&#x41D;&#x411;</subfield>
  </datafield>
  <datafield tag="899" ind1=" " ind2=" ">
    <subfield code="a">&#x423;&#x41E;&#x41D;&#x411;</subfield>
  </datafield>
  <datafield tag="942" ind1=" " ind2=" ">
    <subfield code="c">BOOK</subfield>
  </datafield>
  <datafield tag="980" ind1=" " ind2=" ">
    <subfield code="a">NB</subfield>
  </datafield>
  <datafield tag="980" ind1=" " ind2=" ">
    <subfield code="a">A1SV</subfield>
  </datafield>
  <datafield tag="995" ind1=" " ind2=" ">
    <subfield code="5">2022-04-25</subfield>
    <subfield code="b">NLR02</subfield>
    <subfield code="c">NLR02</subfield>
    <subfield code="e">RFS</subfield>
    <subfield code="f">1-3726855</subfield>
    <subfield code="k">17.127.2.9-2</subfield>
    <subfield code="o">0</subfield>
    <subfield code="r">BOOK</subfield>
    <subfield code="s">17127292_</subfield>
  </datafield>
</record>
